000 00244nam a2200097Ia 4500
008 190216s9999||||xx |||||||||||||| ||und||
100 _aCourant R & Robins H
245 0 _aWhat Is Mathematics
260 _bOxford University Press
942 _cBK
999 _c30406
_d30406